000
00274nam a22001217a 4500
008
171021b xxu||||| |||| 00| 0 eng d
041
_a
eng
080
_a
658
100
_a
54
101
_a
LID
245
_a
REFORMING AFRICA'S INSTITUTIONS
_c
MUGERWA, S.K
942
_2
udc
_c
BK
999
_c
35307
_d
35307